000 00979nam a2200265Ia 4500
003 OSt
005 20220923211523.0
006 a|||||r|||| 00| 0
007 ta
008 220922b |||||||| |||| 00| 0 san d
020 _a9789380943947 (hbk)
_c600
024 _a348,728
037 _b326, 13/03/2019, Eastern Book Linkers
_cTextual
040 _aARTS
_cARTS
_bsan
041 _2san
_asan
082 _aQ2:332w, 152Q8
100 _aसिंह, उदय प्रताप, ले.
245 0 _aनाथपंथ और गोरखबानी
246 _aNāthapantha aur gorakhabānī
260 _aदिल्ली
_b आर्यावत्त संस्कृति संस्थान
_c2018
300 _a352पृ0
_ccm.
650 _aहिन्दू धर्म
942 _hQ2:332w, 152Q8
_cTEXL
_2CC
999 _c300374
_d300374